Marine ecology and fisheries / (Record no. 67869)
[ view plain ]
| 000 -LEADER | |
|---|---|
| fixed length control field | 00787nam a2200265 a 4500 |
| 001 - CONTROL NUMBER | |
| control field | 67869 |
| 003 - CONTROL NUMBER IDENTIFIER | |
| rucl marc code | BD-RjUL |
| 005 - DATE AND TIME OF LATEST TRANSACTION | |
| control field | 20211209081713.0 |
| 008 - FIXED-LENGTH DATA ELEMENTS--GENERAL INFORMATION | |
| fixed length control field | 170329s1975 enka b 001 0 eng d |
| 020 ## - INTERNATIONAL STANDARD BOOK NUMBER | |
| International Standard Book Number | 0521205018. |
| International Standard Book Number | 0521099110 (pbk.) |
| 035 ## - SYSTEM CONTROL NUMBER | |
| System control number | (BD-RjUL)68078 |
| 040 ## - CATALOGING SOURCE | |
| Modifying agency | CStRLIN |
| Original cataloging agency | BD-RjUL |
| Language of cataloging | eng |
| Transcribing agency | BD-RjUL |
| 041 ## - LANGUAGE CODE | |
| Language code of text/sound track or separate title | eng |
| 082 ## - DEWEY DECIMAL CLASSIFICATION NUMBER | |
| Classification number | 597.0524 |
| Edition number | 23 |
| Author mark and year | CUM 1975 |
| 100 1# - MAIN ENTRY--PERSONAL NAME | |
| Personal name | Cushing, D. H. |
| 9 (RLIN) | 201196 |
| 245 10 - TITLE STATEMENT | |
| Title | Marine ecology and fisheries / |
| Statement of responsibility, etc. | D.H. Cushing. |
| 260 0# - PUBLICATION, DISTRIBUTION, ETC. (IMPRINT) | |
| Place of publication, distribution, etc. | Cambridge : |
| Name of publisher, distributor, etc. | Cambridge University Press, |
| Date of publication, distribution, etc. | 1975. |
| 300 ## - PHYSICAL DESCRIPTION | |
| Pagination | xiv, 278 p. : |
| Illustrations | ill. ; |
| Size | 23 cm. |
| 504 ## - BIBLIOGRAPHY, ETC. NOTE | |
| Bibliography, etc | Includes index and Bibliography: p. 247-271. |
| 650 #0 - SUBJECT ADDED ENTRY--TOPICAL TERM | |
| Topical term or geographic name as entry element | Fish populations. |
| 9 (RLIN) | 201197 |
| Topical term or geographic name as entry element | Marine ecology. |
| 9 (RLIN) | 201198 |
| Topical term or geographic name as entry element | Fisheries. |
| 9 (RLIN) | 201199 |
| 942 ## - ADDED ENTRY ELEMENTS (KOHA) | |
| Source of classification or shelving scheme | Dewey Decimal Classification |
| Koha item type | Books |
| Lost status | Source of classification or shelving scheme | Damaged status | Not for loan | Collection code | Permanent Location | Current Location | Shelving location | Date acquired | Source of acquisition | Cost, normal purchase price | Total Checkouts | Full call number | Date last seen | Copy number | Koha item type |
|---|---|---|---|---|---|---|---|---|---|---|---|---|---|---|---|
| Dewey Decimal Classification | Not For Loan | Non-fiction | Central Library, University of Rajshahi | Central Library, University of Rajshahi | Reading Room | 26/12/1983 | Asia Foudation | 0.00 | 597.0524 CUM 1975 | 29/03/2017 | C-1 | Books |